[Event "18. Open de la Constitución 2016"]
[Site "San Sebastian de los Reyes ES"]
[Date "2016.12.07"]
[Round "5.9"]
[White "Gonzalez Berrendero, Carlos"]
[Black "Bustos Serrano, Doroteo"]
[Result "1/2-1/2"]
[WhiteElo "1834"]
[BlackElo "2035"]
[PlyCount "80"]
[EventDate "2016.12.03"]
[EventType "swiss"]
[EventRounds "9"]
[EventCountry "ESP"]
[SourceTitle "Ajedrez en Madrid"]
[Source "lmi"]
[SourceDate "2016.12.03"]

1. b3 e5 2. Bb2 Nc6 3. e3 d6 4. Bb5 Bd7 5. d4 exd4 6. exd4 Nf6 7. Nf3 a6 8.
Bxc6 Bxc6 9. O-O Be7 10. a4 O-O 11. c4 Re8 12. Qd3 Be4 13. Qc3 d5 14. Nbd2 c6
15. c5 Qc7 16. Ne5 Bg6 17. Qg3 Nh5 18. Qg4 Qc8 19. Qxc8 Raxc8 20. f3 Bg5 21.
Bc3 Nf4 22. Rfe1 f6 23. Nxg6 hxg6 24. Kf1 Nd3 25. Rxe8+ Rxe8 26. g3 f5 27. f4
Bf6 28. Rd1 Nxc5 29. dxc5 Bxc3 30. Nf3 Bb4 31. Ne5 g5 32. Nd3 Ba5 33. fxg5 Kf7
34. Kf2 Re4 35. Rb1 Bc3 36. b4 Bd4+ 37. Kf1 Kg6 38. h4 Kh5 39. Kg2 Re3 40. Rd1
Bc3 1/2-1/2

[Event "18. Open de la Constitución 2016"]
[Site "San Sebastian de los Reyes ES"]
[Date "2016.12.07"]
[Round "5.10"]
[White "Reyes Penas, Sebastian"]
[Black "Marcos Herrero, Francisco"]
[Result "1/2-1/2"]
[WhiteElo "1832"]
[BlackElo "1996"]
[PlyCount "59"]
[EventDate "2016.12.03"]
[EventType "swiss"]
[EventRounds "9"]
[EventCountry "ESP"]
[SourceTitle "Ajedrez en Madrid"]
[Source "lmi"]
[SourceDate "2016.12.03"]

1. e4 c5 2. Nf3 g6 3. d4 cxd4 4. Nxd4 Nf6 5. Nc3 d6 6. g3 Bg7 7. Bg2 O-O 8. O-O
Nc6 9. Nde2 Rb8 10. a4 a6 11. h3 b5 12. axb5 axb5 13. Nd5 b4 14. Be3 Re8 15.
Nd4 Nxd5 16. Nxc6 Nxe3 17. fxe3 Qb6 18. Nxb8 Qxb8 19. Qf3 Be6 20. Rab1 Ba2 21.
Ra1 Be6 22. c3 bxc3 23. bxc3 Bxc3 24. Rfb1 Qd8 25. Ra7 Be5 26. Bf1 Qc8 27. Rbb7
Bf6 28. Rc7 Qb8 29. Rcb7 Qc8 30. Rc7 1/2-1/2

[Event "18. Open de la Constitución 2016"]
[Site "San Sebastian de los Reyes ES"]
[Date "2016.12.07"]
[Round "5.11"]
[White "Romero Fite, Miguel"]
[Black "Alvarez Abejon, Amilcar"]
[Result "1-0"]
[WhiteElo "1790"]
[BlackElo "1993"]
[PlyCount "35"]
[EventDate "2016.12.03"]
[EventType "swiss"]
[EventRounds "9"]
[EventCountry "ESP"]
[SourceTitle "Ajedrez en Madrid"]
[Source "lmi"]
[SourceDate "2016.12.03"]

1. d4 f5 2. g3 Nf6 3. Bg2 g6 4. Nf3 Bg7 5. O-O O-O 6. c4 d6 7. Nc3 Nc6 8. d5
Na5 9. Qd3 e5 10. dxe6 Bxe6 11. Nd2 Nc6 12. a3 Ne5 13. Qc2 c6 14. b3 d5 15.
cxd5 Nxd5 16. Bb2 Nxc3 17. Bxc3 Qf6 18. f4 1-0

[Event "18. Open de la Constitución 2016"]
[Site "San Sebastian de los Reyes ES"]
[Date "2016.12.07"]
[Round "5.12"]
[White "Ruiz Quevedo, Andres"]
[Black "Stefanescu, Iulian"]
[Result "1-0"]
[WhiteElo "1953"]
[BlackElo "1699"]
[PlyCount "159"]
[EventDate "2016.12.03"]
[EventType "swiss"]
[EventRounds "9"]
[EventCountry "ESP"]
[SourceTitle "Ajedrez en Madrid"]
[Source "lmi"]
[SourceDate "2016.12.03"]

1. Nf3 b6 2. g3 Bb7 3. Bg2 e6 4. c4 c5 5. O-O Ne7 6. Nc3 Ng6 7. d4 a6 8. d5 Qc7
9. e4 e5 10. Ne1 d6 11. Nc2 Nd7 12. Ne3 h6 13. Nf5 Ne7 14. Ne3 Ng6 15. a4 Be7
16. Nf5 Bf6 17. Be3 Ne7 18. Qg4 Nxf5 19. exf5 h5 20. Qe2 Be7 21. h4 Nf6 22. f4
Ng4 23. fxe5 dxe5 24. Ne4 Bd6 25. Bd2 a5 26. Bf3 O-O-O 27. Bxg4 hxg4 28. Qxg4
f6 29. b3 Qe7 30. Qf3 Kb8 31. Rf2 Ka7 32. Kf1 Bc8 33. h5 Bd7 34. Ke2 Bc8 35. g4
Ba6 36. Rh1 Rh7 37. Rh3 Rdh8 38. Rfh2 Qd8 39. Qh1 Be7 40. h6 Rg8 41. Nf2 g6 42.
Qe4 g5 43. Rh5 Rgh8 44. Qh1 Qd6 45. Ne4 Qxd5 46. Be3 Qc6 47. Nc3 Qxh1 48. Rxh1
Kb7 49. Rd1 Kc6 50. Ne4 Rxh6 51. Rdh1 Rxh5 52. Rxh5 Rf8 53. Rh6 Kd7 54. Rh7 Bb7
55. Nxg5 Ke8 56. Ne6 Rg8 57. g5 Be4 58. Ng7+ Kf8 59. g6 Bc2 60. Ne6+ Ke8 61.
Nc7+ Kd8 62. Nd5 Bf8 63. Nxf6 Rg7 64. Rh8 Ke7 65. Nd5+ Kd6 66. Rxf8 Bxb3 67.
Bh6 Bxc4+ 68. Ke3 Rb7 69. Nc3 e4 70. Bf4+ Kc6 71. f6 Rd7 72. Nxe4 Be6 73. g7 c4
74. g8=Q Bxg8 75. Rxg8 Rf7 76. Rg7 Rf8 77. Rc7+ Kd5 78. f7 Ke6 79. Bh6 Rxf7 80.
Ng5+ 1-0

[Event "18. Open de la Constitución 2016"]
[Site "San Sebastian de los Reyes ES"]
[Date "2016.12.07"]
[Round "5.13"]
[White "Hernandez Ramos, Alberto"]
[Black "Alonso Garuti, Luis E"]
[Result "1-0"]
[WhiteElo "1666"]
[BlackElo "1844"]
[PlyCount "67"]
[EventDate "2016.12.03"]
[EventType "swiss"]
[EventRounds "9"]
[EventCountry "ESP"]
[SourceTitle "Ajedrez en Madrid"]
[Source "lmi"]
[SourceDate "2016.12.03"]

1. e4 d5 2. exd5 Nf6 3. Bb5+ Bd7 4. Be2 Nxd5 5. d4 e6 6. Nf3 Bd6 7. O-O Nf4 8.
c4 Nxe2+ 9. Qxe2 O-O 10. Nc3 Re8 11. Re1 c6 12. Ne4 Be7 13. Bf4 Bc8 14. c5 Na6
15. Rad1 Nb4 16. Bd6 Nd5 17. Bxe7 Rxe7 18. Qd2 Nf6 19. Nxf6+ gxf6 20. Qh6 Rd7
21. Re4 f5 22. Rh4 f6 23. Rd3 Qf8 24. Qh5 Rg7 25. Nd2 Bd7 26. Rg3 Be8 27. Qxh7+
Kf7 28. Rxg7+ Qxg7 29. Nc4 Rd8 30. Nd6+ Kf8 31. Qh8+ Qxh8 32. Rxh8+ Ke7 33.
Rh7+ Kf8 34. Rxb7 1-0

[Event "18. Open de la Constitución 2016"]
[Site "San Sebastian de los Reyes ES"]
[Date "2016.12.07"]
[Round "5.14"]
[White "Morata Palacios, Francisco"]
[Black "Perez Ordonez, Jose Ramon"]
[Result "0-1"]
[WhiteElo "1757"]
[BlackElo "1971"]
[PlyCount "122"]
[EventDate "2016.12.03"]
[EventType "swiss"]
[EventRounds "9"]
[EventCountry "ESP"]
[SourceTitle "Ajedrez en Madrid"]
[Source "lmi"]
[SourceDate "2016.12.03"]

1. e4 c5 2. Nf3 d6 3. d4 cxd4 4. Nxd4 Nf6 5. Nc3 a6 6. Be2 e5 7. Nf3 h6 8. O-O
Be7 9. a4 Be6 10. Re1 O-O 11. h3 Nbd7 12. Bf1 Rc8 13. Nd5 Bxd5 14. exd5 Nb6 15.
a5 Nbxd5 16. b3 Nc7 17. Qd2 Ne6 18. Ba3 Qc7 19. c4 Rfd8 20. Qe3 Bf8 21. Bb4 g6
22. Rad1 Bg7 23. Rd2 e4 24. Nd4 Nc5 25. Red1 b5 26. Nc2 Nd3 27. Bxd3 exd3 28.
Rxd3 bxc4 29. bxc4 Qxc4 30. Rc3 Qe4 31. Rxc8 Rxc8 32. Qxe4 Nxe4 33. Ne3 Bf8 34.
f3 Nc3 35. Rd3 Nb5 36. Kf2 f5 37. g4 fxg4 38. fxg4 Kf7 39. Nd5 Rc2+ 40. Ke3 Bg7
41. Nb6 Be5 42. Nd7 Ke6 43. Nf8+ Kf7 44. Nd7 Bd4+ 45. Rxd4 Nxd4 46. Kxd4 Rh2
47. Nb6 Rxh3 48. Bxd6 Rh4 49. Nc4 Rxg4+ 50. Kc5 Ke6 51. Bb8 h5 52. Ne3 Rg5+ 53.
Kb6 Rb5+ 54. Kc7 Rxa5 55. Kc6 g5 56. Nc2 Kf5 57. Ne3+ Ke4 58. Nc4 Ra2 59. Bd6
g4 60. Bg3 Rc2 61. Kc5 Kd3 0-1

[Event "18. Open de la Constitución 2016"]
[Site "San Sebastian de los Reyes ES"]
[Date "2016.12.07"]
[Round "5.15"]
[White "Arroyo Martinez, Fernando"]
[Black "Guzman Castro, Enrique"]
[Result "1/2-1/2"]
[WhiteElo "1967"]
[BlackElo "1742"]
[PlyCount "78"]
[EventDate "2016.12.03"]
[EventType "swiss"]
[EventRounds "9"]
[EventCountry "ESP"]
[SourceTitle "Ajedrez en Madrid"]
[Source "lmi"]
[SourceDate "2016.12.03"]

1. e4 d5 2. exd5 Qxd5 3. Nc3 Qa5 4. d4 Nf6 5. Nf3 Bg4 6. h3 Bh5 7. g4 Bg6 8.
Ne5 Nbd7 9. Nc4 Qa6 10. Bf4 Qe6+ 11. Be2 c6 12. Qd2 Nd5 13. Nxd5 Qxd5 14. f3
Nb6 15. Ne3 Qd7 16. O-O-O e6 17. h4 h6 18. h5 Bh7 19. Rhe1 Bd6 20. Nc4 Nxc4 21.
Bxc4 O-O-O 22. Be3 Qc7 23. f4 Kb8 24. Kb1 Be4 25. Bb3 Bf3 26. Rc1 Bxg4 27. Rg1
Bxh5 28. Rxg7 Bg6 29. Bxe6 Qe7 30. f5 Qf6 31. Bxh6 Rxh6 32. Qxh6 Bf8 33. Rxg6
fxg6 34. Qxg6 Qxd4 35. f6 Qe3 36. Bb3 Bh6 37. Rg1 Bg5 38. Rf1 Qf2 39. Rh1 Qxf6
1/2-1/2

[Event "18. Open de la Constitución 2016"]
[Site "San Sebastian de los Reyes ES"]
[Date "2016.12.07"]
[Round "5.16"]
[White "Quintero Torres, Pedro"]
[Black "Pareja Cerrato, Antonio"]
[Result "1-0"]
[WhiteElo "1932"]
[BlackElo "1549"]
[PlyCount "47"]
[EventDate "2016.12.03"]
[EventType "swiss"]
[EventRounds "9"]
[EventCountry "ESP"]
[SourceTitle "Ajedrez en Madrid"]
[Source "lmi"]
[SourceDate "2016.12.03"]

1. e4 c6 2. d4 d5 3. exd5 cxd5 4. c4 Nf6 5. Nc3 e6 6. Nf3 Nc6 7. Bg5 Be7 8. a3
a5 9. Bd3 h6 10. Bh4 Bd7 11. O-O Qb6 12. c5 Qd8 13. Rc1 Nh5 14. Bxe7 Qxe7 15.
Re1 Nf6 16. Bb1 g6 17. Ba2 Nb4 18. axb4 axb4 19. Nxd5 Qd8 20. Nxf6+ Qxf6 21.
Bd5 Ba4 22. b3 Bc6 23. Bxc6+ bxc6 24. Qd2 1-0

[Event "18. Open de la Constitución 2016"]
[Site "San Sebastian de los Reyes ES"]
[Date "2016.12.07"]
[Round "5.17"]
[White "De Dompablo Fantova, Juan"]
[Black "Sebastian Enesco, Alex"]
[Result "0-1"]
[WhiteElo "1651"]
[BlackElo "1864"]
[PlyCount "96"]
[EventDate "2016.12.03"]
[EventType "swiss"]
[EventRounds "9"]
[EventCountry "ESP"]
[SourceTitle "Ajedrez en Madrid"]
[Source "lmi"]
[SourceDate "2016.12.03"]

1. e4 g6 2. d4 Bg7 3. Nc3 d6 4. Be3 Nf6 5. f3 O-O 6. Qd2 a6 7. h4 h5 8. O-O-O
b5 9. Be2 b4 10. Nd5 e5 11. Nxf6+ Qxf6 12. Bg5 Qe6 13. d5 Qe8 14. Qxb4 f6 15.
Be3 f5 16. Nh3 a5 17. Qb5 Qe7 18. Bg5 Qf7 19. Qd3 Nd7 20. Be3 Nf6 21. Ng5 Qe8
22. Qa3 Bh6 23. Bd3 f4 24. Bd2 a4 25. Bc4 Bxg5 26. hxg5 Nh7 27. Rdg1 Nxg5 28.
Be2 Kg7 29. Qc3 Qf7 30. g3 Nh3 31. Rg2 fxg3 32. Rxg3 Nf4 33. Bc4 Rh8 34. Rhg1
h4 35. Rg5 Rh5 36. Rxh5 Nxh5 37. f4 Nxf4 38. Bxf4 Qxf4+ 39. Kb1 Bd7 40. Rf1 Qg3
41. Bd3 Rf8 42. Rxf8 Kxf8 43. a3 h3 44. Qxc7 h2 45. Qd8+ Be8 46. Qxd6+ Kg7 47.
Qe7+ Bf7 48. d6 h1=Q+ 0-1

[Event "18. Open de la Constitución 2016"]
[Site "San Sebastian de los Reyes ES"]
[Date "2016.12.07"]
[Round "5.18"]
[White "Martinez Miura, Enrique"]
[Black "Tarrio Ocana, Jose Manuel"]
[Result "1-0"]
[WhiteElo "1620"]
[BlackElo "1835"]
[PlyCount "107"]
[EventDate "2016.12.03"]
[EventType "swiss"]
[EventRounds "9"]
[EventCountry "ESP"]
[SourceTitle "Ajedrez en Madrid"]
[Source "lmi"]
[SourceDate "2016.12.03"]

1. e4 e6 2. d4 d5 3. exd5 exd5 4. c4 Nf6 5. Bd3 Nc6 6. Ne2 Be6 7. c5 Be7 8. O-O
O-O 9. a3 a5 10. Nbc3 b6 11. cxb6 cxb6 12. Bf4 Nh5 13. Be3 Bf6 14. Nf4 Nxf4 15.
Bxf4 Nxd4 16. Re1 Qd7 17. Be5 Bxe5 18. Rxe5 Nc6 19. Bb5 Qd6 20. Rg5 Ne7 21. Rg3
Rfd8 22. Qd2 Ng6 23. Rd1 Qc5 24. a4 Rac8 25. Kh1 Qc7 26. Rd3 Ne7 27. Rg3 d4 28.
Ne4 Ng6 29. Ba6 Ra8 30. Bb5 Qe5 31. Ng5 Bb3 32. Nf3 Qd6 33. Rc1 Be6 34. Rd1 Bb3
35. Rc1 Rac8 36. h3 Rxc1+ 37. Qxc1 Be6 38. Ne1 Rc8 39. Qd2 Qc5 40. Rd3 Rd8 41.
Nf3 Ne5 42. Nxe5 Qxe5 43. f4 Qd5 44. Kg1 g6 45. Qd1 Bd7 46. Rxd4 Qc5 47. Kh2
Rf8 48. Rxd7 Qb4 49. Qd4 Qe1 50. Bc4 h5 51. Qf6 h4 52. Bxf7+ Kh7 53. Bxg6+ Kg8
54. Qg7# 1-0

[Event "18. Open de la Constitución 2016"]
[Site "San Sebastian de los Reyes ES"]
[Date "2016.12.07"]
[Round "5.19"]
[White "Osuna Osuna, Francisco"]
[Black "Martin Manzano, Antonio"]
[Result "0-1"]
[WhiteElo "1441"]
[BlackElo "1818"]
[PlyCount "100"]
[EventDate "2016.12.03"]
[EventType "swiss"]
[EventRounds "9"]
[EventCountry "ESP"]
[SourceTitle "Ajedrez en Madrid"]
[Source "lmi"]
[SourceDate "2016.12.03"]

1. e4 e5 2. Nf3 Nc6 3. Bc4 Bc5 4. Nc3 d6 5. d3 Bg4 6. h3 Bh5 7. g4 Bg6 8. Qe2
Nd4 9. Nxd4 Bxd4 10. Nb5 Bb6 11. Be3 c6 12. Nc3 Ne7 13. O-O-O Bxe3+ 14. Qxe3 b5
15. Bb3 a5 16. a3 b4 17. Nb1 a4 18. Bc4 bxa3 19. Nxa3 O-O 20. h4 h5 21. Qg5
hxg4 22. h5 Bh7 23. h6 Ng6 24. Qxg4 d5 25. hxg7 Kxg7 26. exd5 cxd5 27. Bb5 Qf6
28. Qh5 Qf4+ 29. Kb1 Rh8 30. Rdg1 Kf8 31. Qg4 Qxg4 32. Rxg4 Nf4 33. d4 Bxc2+
34. Kxc2 Rxh1 35. dxe5 Ne6 36. Bxa4 Rh2 37. Kb1 Rxf2 38. Bb3 Rb8 39. Bxd5
Rbxb2+ 40. Ka1 Rbd2 41. Bxe6 fxe6 42. Ra4 Ra2+ 43. Kb1 Rfb2+ 44. Kc1 Rb3 45.
Rf4+ Ke7 46. Rh4 Raxa3 47. Rh7+ Ke8 48. Rh8+ Kd7 49. Rh7+ Kc6 50. Rh6 Kd5 0-1

[Event "18. Open de la Constitución 2016"]
[Site "San Sebastian de los Reyes ES"]
[Date "2016.12.07"]
[Round "5.20"]
[White "Alvarez Gonzalez, Eduardo"]
[Black "Garcia Minguez, Antonio"]
[Result "1-0"]
[WhiteElo "1816"]
[BlackElo "1548"]
[PlyCount "33"]
[EventDate "2016.12.03"]
[EventType "swiss"]
[EventRounds "9"]
[EventCountry "ESP"]
[SourceTitle "Ajedrez en Madrid"]
[Source "lmi"]
[SourceDate "2016.12.03"]

1. d4 d5 2. Nf3 Nf6 3. c4 e6 4. Nc3 c6 5. Bg5 Be7 6. e3 h6 7. Bh4 O-O 8. Rc1
Nbd7 9. Bd3 Qb6 10. Qc2 Re8 11. O-O c5 12. cxd5 exd5 13. Bxf6 Nxf6 14. Na4 Qa5
15. Nxc5 Bxc5 16. dxc5 Qxa2 17. Ra1 1-0

[Event "18. Open de la Constitución 2016"]
[Site "San Sebastian de los Reyes ES"]
[Date "2016.12.07"]
[Round "5.21"]
[White "De La Pena Garcia, Blanca"]
[Black "Karunanithi, Bharath"]
[Result "1-0"]
[WhiteElo "1815"]
[BlackElo "1345"]
[PlyCount "55"]
[EventDate "2016.12.03"]
[EventType "swiss"]
[EventRounds "9"]
[EventCountry "ESP"]
[SourceTitle "Ajedrez en Madrid"]
[Source "lmi"]
[SourceDate "2016.12.03"]

1. e4 c5 2. Nf3 d6 3. d4 cxd4 4. Nxd4 Nf6 5. Nc3 a6 6. f3 e5 7. Nb3 Be6 8. Be3
Nbd7 9. Qd2 Be7 10. O-O-O b5 11. Kb1 O-O 12. g4 b4 13. Ne2 a5 14. g5 Ne8 15.
Nbc1 Nb6 16. Ng3 f5 17. exf5 Bxf5 18. Nxf5 Rxf5 19. Bxb6 Qxb6 20. Qd5+ Kf8 21.
Qxa8 Bxg5 22. Qe4 g6 23. Bc4 Qc7 24. Ne2 Kg7 25. h4 Bf4 26. Bb3 Bh6 27. Rdg1
Nf6 28. Qxf5 1-0

[Event "18. Open de la Constitución 2016"]
[Site "San Sebastian de los Reyes ES"]
[Date "2016.12.07"]
[Round "5.23"]
[White "Gonzalez Morente, Jose A"]
[Black "Perez Cameselle, Francisco Jose"]
[Result "0-1"]
[WhiteElo "1368"]
[BlackElo "1754"]
[PlyCount "80"]
[EventDate "2016.12.03"]
[EventType "swiss"]
[EventRounds "9"]
[EventCountry "ESP"]
[SourceTitle "Ajedrez en Madrid"]
[Source "lmi"]
[SourceDate "2016.12.03"]

1. e4 e5 2. Nf3 Nc6 3. Bc4 Bc5 4. c3 Nf6 5. d4 exd4 6. cxd4 Bb4+ 7. Bd2 Bxd2+
8. Nbxd2 O-O 9. d5 Ne7 10. e5 Nfxd5 11. O-O Nb6 12. Bd3 Ng6 13. Rc1 d6 14. exd6
Qxd6 15. Bb1 c6 16. Re1 Bg4 17. Qc2 Bxf3 18. Nxf3 Rfe8 19. Nh4 Qb4 20. Nf3 Nd5
21. Ne5 Nf6 22. Nf3 Nh4 23. Ne5 Ng6 24. a3 Qf4 25. Nf3 Rxe1+ 26. Rxe1 Re8 27.
Rxe8+ Nxe8 28. Ba2 Ne5 29. Nxe5 Qxe5 30. h3 Nd6 31. b4 g6 32. g3 Kg7 33. f4
Qe3+ 34. Qf2 Qxf2+ 35. Kxf2 Nb5 36. a4 Nc3 37. Bb3 Ne4+ 38. Kg2 f5 39. Be6 Kf6
40. Bc8 Nd6 0-1

[Event "18. Open de la Constitución 2016"]
[Site "San Sebastian de los Reyes ES"]
[Date "2016.12.07"]
[Round "5.26"]
[White "Rottenwoerer, Christoph"]
[Black "Asins Martin, Jose"]
[Result "1-0"]
[WhiteElo "1668"]
[BlackElo "1323"]
[PlyCount "77"]
[EventDate "2016.12.03"]
[EventType "swiss"]
[EventRounds "9"]
[EventCountry "ESP"]
[SourceTitle "Ajedrez en Madrid"]
[Source "lmi"]
[SourceDate "2016.12.03"]

1. Nf3 g6 2. d4 Bg7 3. Bf4 c5 4. e3 d6 5. h3 a6 6. a4 b6 7. Bc4 d5 8. Be2 Nf6
9. O-O O-O 10. c3 Nc6 11. Nbd2 Bf5 12. Bh2 c4 13. b3 b5 14. Nh4 Bd7 15. b4 Re8
16. f4 e6 17. Nhf3 Ne4 18. Nxe4 dxe4 19. Ne5 Nxe5 20. fxe5 Qg5 21. Bf4 Qe7 22.
a5 f5 23. exf6 Bxf6 24. Bg4 h5 25. Be2 Bg5 26. Bxh5 Bxf4 27. Rxf4 Qg5 28. Bg4
Bc6 29. Qe2 e5 30. Rf2 Kg7 31. Raf1 Bd5 32. Qd2 Rad8 33. Rf6 Bb7 34. Rf7+ Kh6
35. Rxb7 exd4 36. cxd4 Rd6 37. Rff7 Qd8 38. Rh7+ Kg5 39. Qf2 1-0

[Event "18. Open de la Constitución 2016"]
[Site "San Sebastian de los Reyes ES"]
[Date "2016.12.07"]
[Round "5.28"]
[White "Alfaya Martinez, Enrique"]
[Black "Rial Rodriguez, Marta"]
[Result "1/2-1/2"]
[WhiteElo "1584"]
[BlackElo "1412"]
[PlyCount "88"]
[EventDate "2016.12.03"]
[EventType "swiss"]
[EventRounds "9"]
[EventCountry "ESP"]
[SourceTitle "Ajedrez en Madrid"]
[Source "lmi"]
[SourceDate "2016.12.03"]

1. d4 Nf6 2. Nf3 g6 3. Bf4 Bg7 4. e3 O-O 5. Be2 d5 6. h3 Nbd7 7. Nbd2 c5 8. c3
b6 9. b4 c4 10. a4 a6 11. O-O Bb7 12. Qc2 b5 13. axb5 axb5 14. Ra2 Qb6 15. Rfa1
Qc6 16. Ne5 Nxe5 17. Bxe5 Rxa2 18. Rxa2 Ra8 19. Bf3 e6 20. Rxa8+ Bxa8 21. Qa2
Bb7 22. Qa5 Qd7 23. Nb1 Bc6 24. Qb6 Ne8 25. Bxg7 Kxg7 26. Nd2 Qc7 27. Qa6 Nd6
28. Bd1 Qb7 29. Qa1 f6 30. Bc2 Be8 31. Qb1 Qa7 32. Qe1 Qa3 33. Nf3 Ne4 34. Bxe4
dxe4 35. Nh2 h5 36. f3 Bc6 37. fxe4 Bxe4 38. Nf1 Qa8 39. Qf2 Qa1 40. Qf4 Bd3
41. Qc7+ Kh6 42. Qf4+ Kg7 43. Qc7+ Kh6 44. Qf4+ Kg7 1/2-1/2

[Event "18. Open de la Constitución 2016"]
[Site "San Sebastian de los Reyes ES"]
[Date "2016.12.07"]
[Round "5.30"]
[White "Enriquez Pastor, Jorge"]
[Black "Tejerina Rincon, Pablo"]
[Result "1-0"]
[WhiteElo "1415"]
[BlackElo "1309"]
[PlyCount "75"]
[EventDate "2016.12.03"]
[EventType "swiss"]
[EventRounds "9"]
[EventCountry "ESP"]
[SourceTitle "Ajedrez en Madrid"]
[Source "lmi"]
[SourceDate "2016.12.03"]

1. e4 e5 2. Nf3 Nc6 3. Bb5 d6 4. d4 exd4 5. Nxd4 Bd7 6. O-O Nf6 7. Re1 Ne5 8.
Bxd7+ Qxd7 9. h3 Be7 10. Nd2 O-O 11. Nf1 Rad8 12. Ng3 g6 13. Bh6 Rfe8 14. Qe2
c5 15. Nf3 Bf8 16. Bg5 Bg7 17. Rad1 Qe6 18. b3 Rd7 19. Nxe5 dxe5 20. Qb5 Rxd1
21. Rxd1 b6 22. Bxf6 Bxf6 23. Qa4 a5 24. Ne2 Rd8 25. Rxd8+ Bxd8 26. Nc3 Kg7 27.
Nd5 f5 28. f3 h5 29. c4 g5 30. Qb5 fxe4 31. fxe4 g4 32. hxg4 hxg4 33. Qa6 Kg6
34. Qb7 Qd6 35. Qc8 Kg5 36. Qf5+ Kh4 37. Ne3 Qd4 38. Qxg4# 1-0

[Event "18. Open de la Constitución 2016"]
[Site "San Sebastian de los Reyes ES"]
[Date "2016.12.07"]
[Round "5.31"]
[White "Sanabria Gris, Pol"]
[Black "Lozano Hernanz, Rodrigo"]
[Result "0-1"]
[WhiteElo "1114"]
[BlackElo "1379"]
[PlyCount "80"]
[EventDate "2016.12.03"]
[EventType "swiss"]
[EventRounds "9"]
[EventCountry "ESP"]
[SourceTitle "Ajedrez en Madrid"]
[Source "lmi"]
[SourceDate "2016.12.03"]

1. e4 e5 2. Nf3 Nc6 3. Bc4 Bc5 4. d3 Nf6 5. Nc3 O-O 6. Bg5 h6 7. Bxf6 Qxf6 8.
Nd5 Qd8 9. O-O d6 10. Nd2 Be6 11. Nc3 Bxc4 12. Nxc4 f5 13. exf5 Rxf5 14. Qg4
Rg5 15. Qe6+ Kh8 16. Ne4 Nd4 17. Qf7 Rf5 18. Qg6 d5 19. Ng3 Rg5 20. Qf7 dxc4
21. c3 Nc6 22. Ne4 Bd6 23. Nxg5 Qxg5 24. dxc4 Rf8 25. Qd5 Rf5 26. c5 e4 27.
Qxe4 Bxc5 28. h4 Qf6 29. g4 Rxf2 30. Qe8+ Kh7 31. Qe4+ g6 32. Rxf2 Qxf2+ 33.
Kh1 Qxh4+ 34. Kg2 Qf2+ 35. Kh3 Bd6 36. Qg2 Qe3+ 37. Kh4 Ne5 38. Rg1 Nf3+ 39.
Kh3 Nxg1+ 40. Kh4 Qg5# 0-1

[Event "18. Open de la Constitución 2016"]
[Site "San Sebastian de los Reyes ES"]
[Date "2016.12.07"]
[Round "5.32"]
[White "Martin Rodriguez, Jose Luis"]
[Black "Vallespin Morales, Antonio"]
[Result "1/2-1/2"]
[WhiteElo "1343"]
[BlackElo "1281"]
[PlyCount "97"]
[EventDate "2016.12.03"]
[EventType "swiss"]
[EventRounds "9"]
[EventCountry "ESP"]
[SourceTitle "Ajedrez en Madrid"]
[Source "lmi"]
[SourceDate "2016.12.03"]

1. c4 e6 2. Nc3 f5 3. Nf3 Nf6 4. g3 d5 5. e3 Bd6 6. Bg2 c6 7. d3 O-O 8. O-O
Nbd7 9. cxd5 exd5 10. Re1 Re8 11. Bh3 Ng4 12. Bg2 Ndf6 13. h3 Ne5 14. Qc2 a5
15. Bd2 Nxf3+ 16. Bxf3 f4 17. exf4 Bxh3 18. d4 Qd7 19. Rxe8+ Rxe8 20. Re1 Rf8
21. Bc1 Bc7 22. Na4 b6 23. Qb3 Rb8 24. Qd1 Bf5 25. Nc3 Qf7 26. Kg2 Ng4 27. Rh1
Qg6 28. Rh4 Nf6 29. Bh5 Nxh5 30. Qxh5 Qxh5 31. Rxh5 g6 32. Rh1 Re8 33. Bd2 b5
34. Re1 Rxe1 35. Bxe1 Bb6 36. Ne2 a4 37. a3 Kf7 38. Bc3 Ke6 39. Kf3 c5 40. dxc5
Bxc5 41. Nd4+ Bxd4 42. Bxd4 Kd6 43. Ke3 h5 44. Kd2 Bd7 45. Ke3 Ke6 46. Kf3 Kd6
47. Ke3 Kc6 48. Kd3 Bc8 49. Ke3 1/2-1/2

[Event "18. Open de la Constitución 2016"]
[Site "San Sebastian de los Reyes ES"]
[Date "2016.12.08"]
[Round "6.1"]
[White "Perez Gonzalez, Jose Manuel"]
[Black "Fernandez Lledo, Javier"]
[Result "1/2-1/2"]
[WhiteElo "2315"]
[BlackElo "2242"]
[PlyCount "83"]
[EventDate "2016.12.03"]
[EventType "swiss"]
[EventRounds "9"]
[EventCountry "ESP"]
[SourceTitle "Ajedrez en Madrid"]
[Source "lmi"]
[SourceDate "2016.12.03"]

1. e4 c5 2. Nf3 e6 3. d4 cxd4 4. Nxd4 Nc6 5. Nc3 Qc7 6. Be3 a6 7. Qd2 Nf6 8.
O-O-O Be7 9. f3 Nxd4 10. Qxd4 e5 11. Qb6 Qc6 12. Qxc6 bxc6 13. Na4 Bd8 14. Bc4
a5 15. Nb6 Rb8 16. Nxc8 Rxc8 17. Rd3 Be7 18. Rhd1 h6 19. Rb3 O-O 20. a4 Ra8 21.
Bf2 Rfb8 22. Rxb8+ Rxb8 23. Bg3 d6 24. Be1 Ra8 25. Rd3 Kf8 26. Ba2 Nd7 27. Bf2
Rd8 28. Rc3 Nc5 29. Bxc5 dxc5 30. Rd3 Rd4 31. Rxd4 cxd4 32. Kd2 Ke8 33. Kd3 f6
34. Bc4 Kd7 35. Ke2 Bb4 36. Kf2 Bd2 37. Kg3 Bc1 38. b3 Bf4+ 39. Kh3 Ke7 40. g3
Be3 41. Kg2 Bd2 42. g4 1/2-1/2

[Event "18. Open de la Constitución 2016"]
[Site "San Sebastian de los Reyes ES"]
[Date "2016.12.08"]
[Round "6.2"]
[White "Hernando Pertierra, Jose C"]
[Black "Torres Bosch, Jose F"]
[Result "1/2-1/2"]
[WhiteElo "2362"]
[BlackElo "2142"]
[PlyCount "122"]
[EventDate "2016.12.03"]
[EventType "swiss"]
[EventRounds "9"]
[EventCountry "ESP"]
[SourceTitle "Ajedrez en Madrid"]
[Source "lmi"]
[SourceDate "2016.12.03"]

1. Nf3 Nf6 2. g3 g6 3. Bg2 Bg7 4. O-O O-O 5. b3 c6 6. Bb2 a5 7. a3 d5 8. d3
Nbd7 9. Nbd2 Re8 10. e4 e5 11. Re1 dxe4 12. dxe4 Qc7 13. a4 b6 14. Bf1 Nc5 15.
Ba3 Bf8 16. Bc4 Bg4 17. c3 Rad8 18. Qc2 h6 19. b4 Nb7 20. Nh4 Qd7 21. Ra2 Kg7
22. Ng2 b5 23. Bb3 c5 24. bxc5 Bxc5 25. Bc1 b4 26. Ne3 h5 27. Nd5 Nxd5 28. Bxd5
bxc3 29. Qxc3 Bd4 30. Qc6 Nc5 31. Qxd7 Bxd7 32. Nb3 Nxb3 33. Bxb3 Rb8 34. Bd5
Bc3 35. Re3 Rec8 36. Rf3 f6 37. Kg2 Rb1 38. Rc2 Bd4 39. Rxc8 Bxc8 40. Bd2 Ba6
41. Rb3 Rxb3 42. Bxb3 Bb6 43. f4 Bb7 44. Kf3 f5 45. fxe5 Bxe4+ 46. Kf4 Bd8 47.
h4 g5+ 48. hxg5 Kg6 49. Ke3 Bxg5+ 50. Ke2 Bd8 51. Be3 h4 52. gxh4 Bxh4 53. Bb6
f4 54. e6 f3+ 55. Kf1 Bd3+ 56. Kg1 Be7 57. Kf2 Be2 58. Bd5 Kf5 59. Bxf3 Bxf3
60. Kxf3 Kxe6 61. Ke4 Bb4 1/2-1/2